000 00989nam a22003377a 4500
001 BR2013002405
003 BR-BrBNA
005 20230928104148.0
007 ta
008 230509b bl.||||| |||| 00| 0 por d
040 _aBR-BrBNA
_bpor
_cBiblioteca Nacional de Agricultura
041 _a(Por)
072 _aP33
090 _ P33 BR2013002405
100 1 _aPinheiro, G.L.
110 1 _aUniversidade Federal de Lavras, MG (Brasil)
_0Tese (Doutorado)
245 1 _aÁcidos orgânicos e carbono solúvel em solos e resíduos
260 3 _aLavras, MG (Brasil):
_c2012.
300 _a99 p.
500 _aSummaries (Eng, Por); Several biblilography; 7 tables
650 _aÁCIDO ORGÂNICO
650 _aCARBONO
650 _aSOLO
650 _aRESÍDUO ORGÂNICO
650 _aCROMATOGRAFIA
650 _aPROPRIEDADE FÍSICO-QUÍMICA
650 _aABSORÇÃO DE NUTRIENTES
650 _aRELAÇÃO SOLO-PLANTA
909 _a202309
_bLucia
_c55
_dLucia Elande
942 _cBK
999 _c78453
_d78453